书目信息 |
| 题名: |
信息、投资者行为与资产定价
|
|
| 作者: | 刘莎莎 著 | |
| 分册: | ||
| 出版信息: | 北京 中国经济出版社 2019.12 |
|
| 页数: | 204页 | |
| 开本: | 24cm | |
| 丛书名: | 暨南大学企业发展研究所企业发展研究书丛 | |
| 单 册: | ||
| 中图分类: | F279.246 , F830.59 | |
| 科图分类: | ||
| 主题词: | 投资行为--tou zi hang wei--关系--上市公司--经营决策--研究--中国 | |
| 电子资源: | ||
| ISBN: | 978-7-5136-5884-3 | |
| 000 | 01153oam2 2200265 450 | |
| 001 | 2158024492 | |
| 005 | 20211011172911.0 | |
| 010 | @a978-7-5136-5884-3@dCNY58.00 | |
| 100 | @a20200507d2019 em y0chiy0120 ea | |
| 101 | 0 | @achi |
| 102 | @aCN@b110000 | |
| 105 | @ay z 001yy | |
| 106 | @ar | |
| 200 | 1 | @a信息、投资者行为与资产定价@Axin xi tou zi zhe hang wei yu zi chan ding jia@f刘莎莎著 |
| 210 | @a北京@c中国经济出版社@d2019.12 | |
| 215 | @a204页@d24cm | |
| 225 | 2 | @a暨南大学企业发展研究所企业发展研究书丛@Aji nan da xue qi ye fa zhan yan jiu suo qi ye fa zhan yan jiu shu cong |
| 330 | @a本书从公司决策和资产定价的角度,探讨投资者异质性及其行为决策对资本市场的影响。在一部分,考察不同投资者的交易决策及投资绩效,论证谁促进了股价信息融合,以及私有信息是否在A股市场定价。在第二部分,分析投资者参与公司治理对企业决策和企业业绩的影响。 | |
| 461 | 0 | @12001 @a暨南大学企业发展研究所企业发展研究书丛 |
| 606 | 0 | @a投资行为@Atou zi hang wei@x关系@x上市公司@x经营决策@x研究@y中国 |
| 690 | @aF279.246@v5 | |
| 690 | @aF830.59@v5 | |
| 701 | 0 | @a刘莎莎@Aliu sha sha@4著 |
| 801 | 0 | @aCN@b百万庄@c20211007 |
| 905 | @b1306757-760@dF279.246@e1807@f4 | |
| 信息、投资者行为与资产定价/刘莎莎著.-北京:中国经济出版社,2019.12 |
| 204页;24cm.-(暨南大学企业发展研究所企业发展研究书丛) |
| ISBN 978-7-5136-5884-3:CNY58.00 |
| 本书从公司决策和资产定价的角度,探讨投资者异质性及其行为决策对资本市场的影响。在一部分,考察不同投资者的交易决策及投资绩效,论证谁促进了股价信息融合,以及私有信息是否在A股市场定价。在第二部分,分析投资者参与公司治理对企业决策和企业业绩的影响。 |
| ● |
| 相关链接 |
|
|
|
|
正题名:信息、投资者行为与资产定价
索取号:F279.246/1807
 
预约/预借
| 序号 | 登录号 | 条形码 | 馆藏地/架位号 | 状态 | 备注 |
| 1 | 1306757 | 213067571 | 第一样本阅览室/ [索取号:F279.246/1807] | 在馆 | |
| 2 | 1306758 | 213067580 | 第一借阅区/ [索取号:F279.246/1807] | 在馆 | |
| 3 | 1306759 | 213067599 | 第一借阅区/ [索取号:F279.246/1807] | 在馆 | |
| 4 | 1306760 | 213067606 | 第一借阅区/ [索取号:F279.246/1807] | 在馆 |